[Event "World Cadets U12"]
[Site "?"]
[Date "2016.10.19"]
[EventDate "2016.??.??"]
[Round "1.1"]
[Result "0-1"]
[White "Nazar Terzyan"]
[Black "Rameshbabu Praggnanandhaa"]
[WhiteElo "1842"]
[BlackElo "2442"]
[PlyCount "52"]

1. e4 e5 2. Nc3 Nf6 3. Nf3 Nc6 4. Bb5 Bd6 5. O-O O-O 6. d3 h6
7. Ne2 a6 8. Ba4 b5 9. Bb3 Re8 10. c3 Bf8 11. Ng3 d5 12. Qe2
Bb7 13. Nh4 Na5 14. Nhf5 Nxb3 15. axb3 Kh7 16. f4 dxe4
17. dxe4 exf4 18. Bxf4 Nxe4 19. Nxe4 Rxe4 20. Qc2 Kg8 21. Rf3
Qd5 22. Ne3 Qe6 23. Re1 Bc5 24. Kh1 g5 25. Bxg5 hxg5 26. Rh3
Qxh3 0-1

[Event "World Cadets U12"]
[Site "?"]
[Date "2016.10.20"]
[EventDate "2016.??.??"]
[Round "2.1"]
[Result "1-0"]
[White "Rameshbabu Praggnanandhaa"]
[Black "Shoham Cohen Revivo"]
[WhiteElo "2442"]
[BlackElo "2035"]
[PlyCount "83"]

1. Nf3 d5 2. b4 Bg4 3. Bb2 Bxf3 4. gxf3 Nd7 5. f4 Ngf6 6. e3
e6 7. a3 g6 8. d4 Bg7 9. Nd2 O-O 10. Bd3 Nb6 11. a4 Qd6
12. O-O Nc4 13. Nxc4 dxc4 14. Bxc4 Qxb4 15. Bb3 Qa5 16. Qf3 c6
17. Ba3 Rfd8 18. Rfb1 Qf5 19. Qg2 h5 20. a5 Ne4 21. Bc4 Nd2
22. Bd3 Qd5 23. Qxd5 Rxd5 24. Rd1 Nf3+ 25. Kg2 Nh4+ 26. Kh3
Bf6 27. a6 Rd7 28. Be4 Rc8 29. axb7 Rxb7 30. Rdb1 Rd7 31. Bc5
Rcc7 32. Rb8+ Kg7 33. Ra6 Nf5 34. Bxc6 Rd8 35. Rb7 Rdc8
36. Raxa7 Rxb7 37. Bxb7 Rc7 38. Be4 Rxa7 39. Bxa7 Nd6 40. Bd3
g5 41. fxg5 Bxg5 42. c4 1-0

[Event "World Cadets U12"]
[Site "?"]
[Date "2016.10.21"]
[EventDate "2016.??.??"]
[Round "3.1"]
[Result "0-1"]
[White "Nikolozi Kacharava"]
[Black "Rameshbabu Praggnanandhaa"]
[WhiteElo "2100"]
[BlackElo "2442"]
[PlyCount "160"]

1. e4 e5 2. Nf3 Nc6 3. Bc4 Nf6 4. d3 Bc5 5. c3 a6 6. Nbd2 Ba7
7. O-O d6 8. Bb3 O-O 9. h3 h6 10. Re1 Ne7 11. Nf1 Ng6 12. Ng3
Re8 13. d4 b5 14. a4 Bb7 15. Bc2 Bb6 16. Be3 exd4 17. Bxd4 c5
18. Bxf6 Qxf6 19. Nf5 Rad8 20. Ne3 c4 21. Qd2 Bc5 22. Ng4 Qf4
23. Qxf4 Nxf4 24. axb5 axb5 25. Nd4 b4 26. Ne3 Bxd4 27. cxd4
Bxe4 28. Bxe4 Rxe4 29. Nxc4 Rxd4 30. b3 d5 31. Na5 Rc8
32. Rad1 Rxd1 33. Rxd1 Rc5 34. Nb7 Rc3 35. g3 Nd3 36. Kf1 d4
37. Na5 Kf8 38. Nc6 Nb2 39. Rb1 Rxc6 40. Rxb2 d3 41. Ke1 Rc3
42. Kd2 Ke7 43. Ke3 Kd6 44. h4 h5 45. Rb1 Kd5 46. Ra1 Rxb3
47. Ra7 Ke6 48. Ra6+ Kf5 49. Ra5+ Kg6 50. Rd5 f6 51. Rd7 Kh7
52. Rd6 Kh6 53. Rd8 g5 54. Rd6 gxh4 55. gxh4 Kg6 56. Rd5 Rc3
57. Rd4 b3 58. Rb4 Kf5 59. Rf4+ Ke6 60. Rb4 Kd6 61. Rb8 Kc7
62. Rb4 Kd7 63. Rb5 Kc6 64. Rb8 Kd5 65. Rb7 Kc4 66. Rc7+ Kb4
67. Rb7+ Ka3 68. Ra7+ Kb2 69. Kd2 Rc4 70. Ra6 Rc2+ 71. Kxd3
Rxf2 72. Ra5 f5 73. Ke3 Rf1 74. Ke2 Rf4 75. Kd2 Rd4+ 76. Ke2
Rxh4 77. Rxf5 Kc3 78. Rc5+ Rc4 79. Rxh5 b2 80. Rb5 Rb4 0-1

[Event "World Cadets U12"]
[Site "?"]
[Date "2016.10.22"]
[EventDate "2016.??.??"]
[Round "4.1"]
[Result "1-0"]
[White "Rameshbabu Praggnanandhaa"]
[Black "Santiago Avila Pavas"]
[WhiteElo "2442"]
[BlackElo "2154"]
[PlyCount "67"]

1. Nf3 g6 2. g3 Bg7 3. d4 d6 4. Bg2 Nf6 5. O-O O-O 6. c4 c6
7. Nc3 Qa5 8. Bd2 Qh5 9. Nh4 g5 10. Nf3 h6 11. Qc2 Bh3
12. Rad1 Nbd7 13. Bc1 Ng4 14. e4 Kh8 15. Rfe1 c5 16. dxc5 Bxg2
17. Kxg2 Nde5 18. h3 Nxf3 19. hxg4 Nxe1+ 20. Rxe1 Qxg4
21. cxd6 exd6 22. Nd5 Rae8 23. f3 Qh5 24. Rh1 Qg6 25. g4 Kg8
26. a4 Qe6 27. b3 Qe5 28. Ba3 Rc8 29. Qd3 f5 30. gxf5 Kf7
31. Ne3 Rh8 32. Rd1 Rcd8 33. Bxd6 Qf6 34. Ng4 1-0

[Event "World Cadets U12"]
[Site "?"]
[Date "2016.10.23"]
[EventDate "2016.??.??"]
[Round "5.1"]
[Result "0-1"]
[White "Jonas Bjerre"]
[Black "Rameshbabu Praggnanandhaa"]
[WhiteElo "2375"]
[BlackElo "2442"]
[PlyCount "90"]

1. e4 e5 2. Nf3 Nc6 3. Bc4 Nf6 4. d3 Bc5 5. c3 a6 6. Bb3 Ba7
7. h3 d6 8. Nbd2 O-O 9. Nf1 Ne7 10. Ng3 Ng6 11. O-O h6 12. Re1
b5 13. a4 Bb7 14. d4 Re8 15. Bc2 Bb6 16. Nh2 exd4 17. cxd4 c5
18. d5 c4 19. Be3 Ba5 20. Rf1 b4 21. Rc1 Bb6 22. Bd4 a5
23. Kh1 Ba6 24. Re1 Ne5 25. Nf3 Rc8 26. Nf5 g6 27. Nxh6+ Kg7
28. Ng4 Nfxg4 29. hxg4 Bxd4 30. Qxd4 Rh8+ 31. Kg1 Qf6 32. Nxe5
dxe5 33. Qe3 Qh4 34. Qh3 Qg5 35. Qf3 c3 36. b3 Rh6 37. g3 Rch8
38. Qg2 Be2 39. f4 exf4 40. Qxe2 Rh1+ 41. Kg2 R8h2+ 42. Kf3
Rxe2 43. Kxe2 Qxg4+ 44. Kd3 Qxg3+ 45. Kd4 Rxe1 0-1

[Event "World Cadets U12"]
[Site "?"]
[Date "2016.10.24"]
[EventDate "2016.??.??"]
[Round "6.1"]
[Result "1-0"]
[White "Rameshbabu Praggnanandhaa"]
[Black "Yuhao Cai"]
[WhiteElo "2442"]
[BlackElo "1860"]
[PlyCount "81"]

1. d4 Nf6 2. Bg5 e6 3. e4 Be7 4. e5 Nd5 5. Bxe7 Nxe7 6. Bd3 c5
7. dxc5 Qa5+ 8. Nd2 Qxc5 9. Ngf3 Ng6 10. Ne4 Qa5+ 11. b4 Qxb4+
12. c3 Qa5 13. Nd6+ Ke7 14. Bxg6 hxg6 15. O-O Nc6 16. Re1 Rh5
17. Re4 Nxe5 18. Rxe5 Rxe5 19. Nc4 Qxc3 20. Ncxe5 Qa5 21. Rc1
d6 22. Qxd6+ Kxd6 23. Nc4+ Kc5 24. Nxa5+ Kb4 25. Nxb7 Bxb7
26. Rb1+ Ka3 27. Rxb7 Kxa2 28. Rxf7 a5 29. Rxg7 a4 30. Rb7 Rc8
31. h4 a3 32. g4 Rc3 33. Kg2 Rb3 34. Rc7 Kb2 35. Nd2 Rb4
36. Nc4+ Kb3 37. Nxa3 Rxg4+ 38. Kh3 Rb4 39. Nc2 Re4 40. Ne3
Rf4 41. Kg3 1-0

[Event "World Cadets U12"]
[Site "?"]
[Date "2016.10.26"]
[EventDate "2016.??.??"]
[Round "7.1"]
[Result "1/2-1/2"]
[White "Andrew Z Hong"]
[Black "Rameshbabu Praggnanandhaa"]
[WhiteElo "2296"]
[BlackElo "2442"]
[PlyCount "83"]

1. e4 c5 2. Nf3 d6 3. d4 cxd4 4. Nxd4 Nf6 5. Nc3 a6 6. h3 e5
7. Nf3 h6 8. Bc4 Be7 9. O-O O-O 10. Bb3 Nc6 11. Qe2 Na5
12. Rd1 Nxb3 13. axb3 Qc7 14. Be3 Be6 15. Ne1 Qc6 16. Qf3 a5
17. Nd5 Bxd5 18. exd5 Qc7 19. Qe2 Nd7 20. Qb5 f5 21. Ra4 f4
22. Bd2 b6 23. Rc4 Nc5 24. b4 axb4 25. Bxb4 Qa7 26. Bxc5 bxc5
27. Qb3 Rfb8 28. Qc3 Bf6 29. Re4 c4 30. Nf3 Qa2 31. Qxc4 Rxb2
32. Ne1 Qxc4 33. Rxc4 Bd8 34. Nf3 Kf7 35. Nd2 Raa2 36. Rc1 Ke7
37. Ne4 Kd7 38. Kf1 Ra5 39. Rd1 Raa2 40. Rc1 Ra5 41. Rd1 Raa2
42. Rc1 1/2-1/2

[Event "World Cadets U12"]
[Site "?"]
[Date "2016.10.28"]
[EventDate "2016.??.??"]
[Round "9.1"]
[Result "1-0"]
[White "Nikhil Kumar"]
[Black "Rameshbabu Praggnanandhaa"]
[WhiteElo "2076"]
[BlackElo "2442"]
[PlyCount "99"]

1. d4 Nf6 2. c4 e6 3. Nc3 d5 4. cxd5 exd5 5. Bg5 Be7 6. e3 c6
7. Bd3 Nbd7 8. Qc2 Nh5 9. Bxe7 Qxe7 10. Nge2 Nhf6 11. O-O Nf8
12. a3 Ne6 13. Rad1 O-O 14. f3 c5 15. dxc5 Qxc5 16. Nxd5 Nxd5
17. Bxh7+ Kh8 18. Qxc5 Nxc5 19. Rxd5 Kxh7 20. Rxc5 b6 21. Rc2
Ba6 22. Rd1 Bxe2 23. Rxe2 Rac8 24. Rd7 a5 25. Red2 Rc6 26. Kf2
a4 27. Ke2 f6 28. Ra7 b5 29. e4 Rfc8 30. h4 Rc2 31. Rad7 Rc1
32. Ke3 Rg1 33. R7d5 Rb8 34. Kf4 Rc1 35. Rd7 b4 36. Ra7 b3
37. Rxa4 Rc2 38. Rad4 Rbc8 39. Ke3 Rc1 40. R4d3 Rb8 41. g4 Rh1
42. h5 Re1+ 43. Kf4 Rc1 44. Rd5 Rc2 45. Ke3 Rc1 46. a4 Ra1
47. Rb5 Rc8 48. Rd4 Re1+ 49. Kf4 Rc2 50. Rxb3 1-0

[Event "World Cadets U12"]
[Site "?"]
[Date "2016.10.29"]
[EventDate "2016.??.??"]
[Round "10.2"]
[Result "1/2-1/2"]
[White "Rameshbabu Praggnanandhaa"]
[Black "Sarin Nihal"]
[WhiteElo "2442"]
[BlackElo "2324"]
[PlyCount "98"]

1. e4 c6 2. d4 d5 3. e5 Bf5 4. Nf3 e6 5. Be2 Ne7 6. O-O h6
7. Nbd2 Nd7 8. Nb3 g5 9. Ne1 Qc7 10. Bd2 c5 11. dxc5 Nc6
12. Nd3 Bg7 13. Bc3 O-O-O 14. Nd4 Nxd4 15. Bxd4 f6 16. exf6
Bxf6 17. Bxf6 Nxf6 18. c6 Qxc6 19. Ne5 Qc7 20. Qd4 Kb8 21. Bd3
Ne4 22. a4 Rhf8 23. a5 Qc5 24. Qxc5 Nxc5 25. Bb5 Kc7 26. a6
Kd6 27. Rfe1 Be4 28. Nd3 Bxd3 29. cxd3 bxa6 30. Bxa6 e5 31. d4
exd4 32. b4 Nd7 33. Bb7 Rfe8 34. Red1 Nb6 35. Rxd4 Rd7 36. Ba6
Re4 37. Rxe4 dxe4 38. Be2 Ke5 39. Kf1 Nd5 40. b5 Nc3 41. Ke1
Nxe2 42. Kxe2 Rd5 43. Ra5 a6 44. Rxa6 Rxb5 45. Rxh6 Rb2+
46. Ke3 Rb3+ 47. Kd2 Rb2+ 48. Ke1 Rb1+ 49. Ke2 Rb2+ 1/2-1/2

[Event "World Cadets U12"]
[Site "?"]
[Date "2016.10.30"]
[EventDate "2016.??.??"]
[Round "11.2"]
[Result "0-1"]
[White "Andy Huang"]
[Black "Rameshbabu Praggnanandhaa"]
[WhiteElo "2152"]
[BlackElo "2442"]
[PlyCount "114"]

1. e4 e5 2. Nf3 Nc6 3. Bb5 a6 4. Ba4 Nf6 5. Qe2 b5 6. Bb3 Bc5
7. d3 d6 8. c3 h6 9. O-O O-O 10. Be3 Ba7 11. Nbd2 Bb7 12. Rfe1
Bxe3 13. fxe3 Na5 14. Bc2 c5 15. a3 Nc6 16. d4 Ne7 17. a4 c4
18. dxe5 dxe5 19. Nxe5 Qd6 20. Nef3 Ng6 21. Nd4 Qc5 22. Rf1
Nd7 23. Rac1 Nde5 24. b3 Bc8 25. h3 Bd7 26. axb5 axb5 27. bxc4
bxc4 28. Ra1 Rfb8 29. Qe1 Ra3 30. Rxa3 Qxa3 31. Qa1 Ra8
32. Qxa3 Rxa3 33. Nb1 Ra2 34. Nd2 Nc6 35. Rc1 Nge5 36. N2f3 f6
37. Nd2 Nxd4 38. exd4 Nd3 39. Bxd3 cxd3 40. Nf1 Ba4 41. Rb1 d2
42. Ne3 Rc2 43. Nxc2 Bxc2 44. Ra1 d1=Q+ 45. Rxd1 Bxd1 46. Kf2
Kf7 47. d5 h5 48. g3 f5 49. e5 Bb3 50. d6 Ke6 51. Ke3 g5
52. h4 g4 53. Kf4 Ba4 54. Kg5 Kxe5 55. Kxh5 Kf6 56. c4 Be8+
57. Kh6 f4 0-1

[Event "London Chess Classic Open"]
[Site "London ENG"]
[Date "2016.12.09"]
[EventDate "2016.12.09"]
[Round "1.37"]
[Result "1-0"]
[White "Rameshbabu Praggnanandhaa"]
[Black "Toni Riedener"]
[WhiteElo "2452"]
[BlackElo "2026"]
[PlyCount "37"]

1. e4 c5 2. Nf3 d6 3. c3 Nf6 4. Be2 Nc6 5. d4 cxd4 6. cxd4 d5
7. e5 Ne4 8. Nc3 Qa5 9. O-O Nxc3 10. bxc3 Bg4 11. Rb1 b6
12. Bb5 Rc8 13. c4 e6 14. cxd5 exd5 15. Bd2 Qa3 16. Rc1 Bd7
17. e6 fxe6 18. Ne5 Qd6 19. Qa4 1-0

[Event "London Chess Classic Open"]
[Site "London ENG"]
[Date "2016.12.10"]
[EventDate "2016.12.09"]
[Round "2.34"]
[Result "1/2-1/2"]
[White "Vit Moravec"]
[Black "Rameshbabu Praggnanandhaa"]
[WhiteElo "2205"]
[BlackElo "2452"]
[PlyCount "87"]

1. d4 Nf6 2. c4 g6 3. Nf3 Bg7 4. g3 O-O 5. Bg2 d5 6. cxd5 Nxd5
7. O-O Nc6 8. Nc3 Nb6 9. Bf4 Nxd4 10. Nxd4 e5 11. Nc6 Qxd1
12. Rfxd1 exf4 13. Ne7+ Kh8 14. Nxc8 Raxc8 15. Bxb7 Rb8
16. Ba6 Bxc3 17. bxc3 fxg3 18. hxg3 Na4 19. Rd4 Nc5 20. Bd3 c6
21. Rb4 Rb6 22. Rab1 Rfb8 23. Kg2 Kg7 24. Kf3 Kf6 25. Be4 Nd7
26. e3 c5 27. R4b3 c4 28. Rb4 a5 29. Rxb6+ Rxb6 30. Rxb6+ Nxb6
31. Bc6 Ke5 32. e4 f6 33. Ke3 Kd6 34. Bb5 Kc5 35. Be8 Nc8
36. Bd7 Nd6 37. a4 h6 38. Be6 h5 39. f4 f5 40. Bd5 Ne8 41. Be6
Nd6 42. Bd5 Nc8 43. Bf7 Nd6 44. Bd5 1/2-1/2

[Event "London Chess Classic Open"]
[Site "London ENG"]
[Date "2016.12.11"]
[EventDate "2016.12.09"]
[Round "4.11"]
[Result "1-0"]
[White "Benjamin Bok"]
[Black "Rameshbabu Praggnanandhaa"]
[WhiteElo "2598"]
[BlackElo "2452"]
[PlyCount "121"]

1. Nf3 Nf6 2. c4 g6 3. g3 Bg7 4. Bg2 O-O 5. d4 c6 6. Nc3 d5
7. cxd5 cxd5 8. Ne5 e6 9. O-O Nfd7 10. Nf3 Nf6 11. Bf4 Nc6
12. Rc1 Bd7 13. Bd6 Re8 14. Ne5 Nxe5 15. dxe5 Ng4 16. Qd4 Nh6
17. e4 dxe4 18. Nxe4 Nf5 19. Qb4 Bc6 20. Rfd1 Qb6 21. Nf6+
Bxf6 22. exf6 Bxg2 23. Kxg2 e5 24. Qxb6 axb6 25. Bc7 h5
26. Bxb6 Rxa2 27. Rd2 Ra6 28. Rd8 Rxd8 29. Bxd8 Kf8 30. Rc7
Ke8 31. Be7 Nxe7 32. Rxe7+ Kf8 33. Rxb7 Rxf6 34. b4 e4 35. Rd7
h4 36. gxh4 Kg7 37. b5 Re6 38. Rd4 Kf6 39. Rb4 Rb6 40. Kg3 Ke5
41. Kg4 f6 42. Rb3 Kd4 43. Kf4 Kc4 44. Rg3 Rxb5 45. Rxg6 Rb2
46. Kxe4 Rxf2 47. h5 Kc5 48. h6 Kd6 49. h3 Rh2 50. Rg3 Ra2
51. h7 Ra4+ 52. Kf5 Rh4 53. Kg6 f5 54. Kg7 f4 55. Ra3 Ke5
56. h8=Q Rxh8 57. Kxh8 Ke4 58. h4 Kf5 59. h5 Kg5 60. Rf3 Kg4
61. Rf1 1-0

[Event "London Chess Classic Open"]
[Site "London ENG"]
[Date "2016.12.12"]
[EventDate "2016.12.09"]
[Round "5.31"]
[Result "1-0"]
[White "Rameshbabu Praggnanandhaa"]
[Black "Petter Stigar"]
[WhiteElo "2452"]
[BlackElo "2236"]
[PlyCount "89"]

1. Nf3 d5 2. b3 Bg4 3. Ne5 Bf5 4. Bb2 Nd7 5. Nxd7 Qxd7 6. e3
c6 7. d3 Nf6 8. Nd2 e6 9. g3 Be7 10. Bg2 h6 11. O-O Bh7
12. Qe2 O-O 13. f4 Qc7 14. Nf3 Nd7 15. e4 a5 16. a4 Rfe8
17. Kh1 Nc5 18. e5 b5 19. axb5 cxb5 20. Nd4 Qd7 21. f5 exf5
22. Qf3 Red8 23. g4 f4 24. Qxf4 Bf8 25. Nf5 a4 26. bxa4 Rxa4
27. Qf3 Rxa1 28. Bxa1 b4 29. Nd6 Bxd6 30. exd6 Nb7 31. Qxd5
Nxd6 32. Qd4 f5 33. Qxb4 fxg4 34. Qd4 Nf5 35. Qc4+ Kh8
36. Qxg4 Qa7 37. Rg1 Ne3 38. Qh4 Rd6 39. Be4 Bxe4+ 40. dxe4
Rg6 41. Rxg6 Qxa1+ 42. Rg1 Qd4 43. Qf4 Nxc2 44. Qf8+ Kh7
45. Qf5+ 1-0

[Event "London Chess Classic Open"]
[Site "London ENG"]
[Date "2016.12.13"]
[EventDate "2016.12.09"]
[Round "6.23"]
[Result "1-0"]
[White "Brian Tarhon"]
[Black "Rameshbabu Praggnanandhaa"]
[WhiteElo "2299"]
[BlackElo "2452"]
[PlyCount "87"]

1. e4 c5 2. Nf3 d6 3. d4 cxd4 4. Nxd4 Nf6 5. Nc3 a6 6. Be3 e5
7. Nb3 Be6 8. Be2 Be7 9. O-O O-O 10. Qd3 Nbd7 11. Nd5 Bxd5
12. exd5 Nc5 13. Nxc5 dxc5 14. c4 e4 15. Qc2 Qc7 16. f4 Bd6
17. g3 Rae8 18. Rae1 Nd7 19. Kh1 f5 20. g4 g5 21. Qc1 Nf6
22. gxf5 g4 23. Qc3 h5 24. Bd1 Re7 25. Re2 Rg7 26. Rg2 b6
27. a3 Qd7 28. b4 Qxf5 29. bxc5 bxc5 30. Qe1 Nd7 31. Kg1 Rb8
32. Bd2 Rb1 33. Bc3 Rf7 34. Bxg4 hxg4 35. Qxb1 Bxf4 36. Bd2 e3
37. Qxf5 Rxf5 38. Rxg4+ Kh7 39. Rgxf4 Rg5+ 40. Kh1 exd2
41. Rf7+ Kh6 42. Rxd7 Re5 43. Rd6+ Kh7 44. Re6 1-0

[Event "London Chess Classic Open"]
[Site "London ENG"]
[Date "2016.12.14"]
[EventDate "2016.12.09"]
[Round "7.30"]
[Result "0-1"]
[White "Rameshbabu Praggnanandhaa"]
[Black "Garg Aradhya"]
[WhiteElo "2452"]
[BlackElo "2231"]
[PlyCount "74"]

1. d4 d5 2. Bf4 Nf6 3. e3 c5 4. c3 Qb6 5. Qb3 c4 6. Qc2 g6
7. Nd2 Bf5 8. Qc1 Nc6 9. h3 Bg7 10. Ngf3 O-O 11. b3 cxb3
12. axb3 Rac8 13. Nh4 e5 14. dxe5 Ne4 15. Nxf5 gxf5 16. Nxe4
fxe4 17. Be2 Nxe5 18. Bxe5 Bxe5 19. O-O Rxc3 20. Qd1 d4
21. exd4 Bxd4 22. Bc4 e3 23. Qg4+ Kh8 24. Rad1 exf2+ 25. Kh1
Be5 26. Bd3 Bg7 27. b4 Rd8 28. Qe4 Qg6 29. Qe7 Qd6 30. Qxd6
Rxd6 31. Be2 Rxd1 32. Bxd1 Bd4 33. Bf3 b5 34. Bd5 Kg7 35. g4
Rg3 36. Kh2 Rg1 37. Bg2 Be5# 0-1

[Event "London Chess Classic Open"]
[Site "London ENG"]
[Date "2016.12.15"]
[EventDate "2016.12.09"]
[Round "8.49"]
[Result "0-1"]
[White "Eamonn O'Molloy"]
[Black "Rameshbabu Praggnanandhaa"]
[WhiteElo "1942"]
[BlackElo "2452"]
[PlyCount "98"]

1. d4 Nf6 2. Nf3 e6 3. e3 b6 4. Bd3 Bb7 5. O-O Be7 6. Nbd2 c5
7. b3 O-O 8. Bb2 Nc6 9. c4 d5 10. Qe2 cxd4 11. exd4 Nb4
12. Bb1 Rc8 13. a3 Nc6 14. Bd3 Bd6 15. Ne5 Bb8 16. Ndf3 Na5
17. Nd2 Nc6 18. Ndf3 Ne7 19. Nd2 Nf5 20. Bxf5 exf5 21. f3 Re8
22. Qf2 Nd7 23. Nxd7 Qxd7 24. Rfe1 Qc7 25. Qh4 Qf4 26. Qxf4
Bxf4 27. Nf1 h5 28. g3 Bh6 29. Rxe8+ Rxe8 30. Kf2 dxc4
31. bxc4 f4 32. Re1 fxg3+ 33. hxg3 Rxe1 34. Kxe1 Bxf3 35. Kf2
Be4 36. c5 Kf8 37. cxb6 axb6 38. Ne3 b5 39. Nd1 Bd3 40. Bc3 f5
41. Bb4+ Kf7 42. Ne3 g5 43. Bc3 Bg7 44. Ng2 Bf6 45. Ne1 Be4
46. Nf3 Bxf3 47. Kxf3 Be7 48. Bb2 Ke6 49. Ke3 Kd5 0-1

[Event "Wijk aan Zee Top-tienkamp"]
[Site "Wijk aan Zee NED"]
[Date "2017.01.20"]
[EventDate "?"]
[Round "1"]
[Result "1/2-1/2"]
[White "Thomas Beerdsen"]
[Black "Rameshbabu Praggnanandhaa"]
[WhiteElo "2399"]
[BlackElo "2437"]
[PlyCount "61"]

1. e4 e5 2. Nf3 Nc6 3. Bb5 a6 4. Ba4 Nf6 5. d3 Bc5 6. Nc3 b5
7. Bb3 d6 8. Nd5 h6 9. c3 Be6 10. Nxf6+ Qxf6 11. Bxe6 fxe6
12. Be3 Bxe3 13. fxe3 Qg6 14. O-O O-O 15. Qb3 Na5 16. Qc2 c5
17. b4 cxb4 18. cxb4 Rac8 19. Qb2 Nc6 20. Qb3 Kh7 21. Rf2 Rf7
22. Nh4 Qh5 23. Rxf7 Qxf7 24. Nf3 Nd8 25. Rf1 Qc7 26. Qd1 Qc2
27. Ng5+ hxg5 28. Qh5+ Kg8 29. Qe8+ Kh7 30. Qh5+ Kg8 31. Qe8+
1/2-1/2

[Event "Wijk aan Zee Top-tienkamp"]
[Site "Wijk aan Zee NED"]
[Date "2017.01.21"]
[EventDate "?"]
[Round "2"]
[Result "1-0"]
[White "Rameshbabu Praggnanandhaa"]
[Black "Casper Schoppen"]
[WhiteElo "2437"]
[BlackElo "2437"]
[PlyCount "105"]

1. Nf3 Nf6 2. g3 d5 3. Bg2 c6 4. O-O Bg4 5. c4 e6 6. cxd5 exd5
7. h3 Bxf3 8. Bxf3 Nbd7 9. d3 Bc5 10. Bg2 O-O 11. e4 dxe4
12. dxe4 Qe7 13. Qc2 Rfe8 14. Nc3 Rad8 15. Kh1 Bd4 16. f3 Nf8
17. Ne2 Bb6 18. Bd2 Ne6 19. Rae1 Qc5 20. Bc3 Ba5 21. Rd1 Bxc3
22. Nxc3 b5 23. Qc1 b4 24. Ne2 Qb5 25. Qc2 c5 26. b3 h6
27. Rfe1 Nd4 28. Nxd4 cxd4 29. Qd3 Qa5 30. Re2 Rc8 31. Qxd4
Red8 32. Qg1 Rxd1 33. Qxd1 Qg5 34. Kh2 Rc1 35. Qd8+ Kh7
36. Qd6 Qb5 37. Rd2 Re1 38. h4 a5 39. Qc7 Re2 40. Rxe2 Qxe2
41. Qxa5 Kg8 42. Qxb4 Qxa2 43. Qb8+ Kh7 44. Qb7 Kg8 45. e5 Nh7
46. Qb8+ Nf8 47. b4 g5 48. hxg5 hxg5 49. Qd8 Qb2 50. Qxg5+ Ng6
51. f4 Qxb4 52. f5 Qe7 53. Qg4 1-0

[Event "Wijk aan Zee Top-tienkamp"]
[Site "Wijk aan Zee NED"]
[Date "2017.01.22"]
[EventDate "?"]
[Round "3"]
[Result "1-0"]
[White "Hing Ting Lai"]
[Black "Rameshbabu Praggnanandhaa"]
[WhiteElo "2400"]
[BlackElo "2437"]
[PlyCount "63"]

1. Nf3 Nf6 2. g3 g6 3. b3 Bg7 4. Bb2 O-O 5. Bg2 d6 6. d4 Nbd7
7. O-O e5 8. dxe5 Ng4 9. c4 dxe5 10. Qc2 Re8 11. h3 Ngf6
12. Nc3 e4 13. Ng5 e3 14. f4 h6 15. Nge4 Nxe4 16. Nxe4 Bxb2
17. Qxb2 f5 18. Nc3 c6 19. Nd1 Nc5 20. Rf3 Ne4 21. Rxe3 Qb6
22. Kh2 Be6 23. Bxe4 fxe4 24. Qc3 h5 25. Nf2 Bf5 26. g4 hxg4
27. hxg4 Bd7 28. Kg2 Qc7 29. Rh1 Qxf4 30. Rh8+ Kf7 31. Rh7+
Ke6 32. Rxe4+ 1-0

[Event "Wijk aan Zee Top-tienkamp"]
[Site "Wijk aan Zee NED"]
[Date "2017.01.23"]
[EventDate "?"]
[Round "4"]
[Result "1-0"]
[White "Rameshbabu Praggnanandhaa"]
[Black "Lars Vereggen"]
[WhiteElo "2437"]
[BlackElo "2378"]
[PlyCount "109"]

1. Nf3 g6 2. g3 Bg7 3. Bg2 e5 4. O-O Nc6 5. c4 d6 6. Nc3 f5
7. d3 Nf6 8. Rb1 O-O 9. Bg5 Be6 10. b4 h6 11. Bxf6 Bxf6
12. Nd2 a6 13. a4 Rb8 14. Nd5 Ne7 15. Nxf6+ Rxf6 16. Qc2 f4
17. b5 axb5 18. axb5 Nf5 19. Nb3 fxg3 20. hxg3 h5 21. e4 Nh6
22. Qd2 Kg7 23. f4 Nf7 24. Qc3 c6 25. bxc6 bxc6 26. d4 Qc7
27. fxe5 Rxf1+ 28. Rxf1 dxe5 29. Nc5 Qd6 30. Nxe6+ Qxe6 31. d5
Qe7 32. c5 Rb5 33. Rc1 Qa7 34. Kh1 Qb7 35. Bf1 Rb1 36. Rxb1
Qxb1 37. Qd3 Qb4 38. Qc4 Qb7 39. Bg2 Kf6 40. Qf1+ Kg7 41. Qa1
Qb4 42. Qc1 Qa4 43. Qb2 Qa5 44. Qc1 Qa4 45. Qc3 Kf6 46. Qe3
Qd4 47. Qc1 Qa4 48. Kh2 Ke7 49. Qb2 Kf6 50. Qb6 Nh6 51. Qd8+
Kg7 52. Qc7+ Kf6 53. Qd6+ Kf7 54. Qe6+ Kf8 55. Qf6+ 1-0

[Event "Wijk aan Zee Top-tienkamp"]
[Site "Wijk aan Zee NED"]
[Date "2017.01.24"]
[EventDate "?"]
[Round "5"]
[Result "1-0"]
[White "Thibaut Maenhout"]
[Black "Rameshbabu Praggnanandhaa"]
[WhiteElo "2394"]
[BlackElo "2437"]
[PlyCount "131"]

1. c4 e5 2. Nc3 Nf6 3. Nf3 Nc6 4. e3 Bb4 5. Qc2 Bxc3 6. Qxc3
Qe7 7. Be2 O-O 8. O-O d5 9. d4 exd4 10. Nxd4 Nxd4 11. Qxd4 c5
12. Qh4 dxc4 13. Bxc4 Rd8 14. b3 Qe5 15. Rb1 Qe4 16. Qxe4 Nxe4
17. Rb2 Be6 18. Bxe6 fxe6 19. Rc2 Rd3 20. f3 Nc3 21. Bd2 Nd5
22. Kf2 Ne7 23. Ke2 Rad8 24. Rfc1 b6 25. Be1 Nc6 26. Rc4 a5
27. Re4 e5 28. Rc2 Kf7 29. Bc3 R3d5 30. Rd2 Rxd2+ 31. Bxd2 g5
32. h4 h6 33. Rc4 Rg8 34. Rg4 Kf6 35. a3 Rd8 36. Rc4 Rd6
37. Rc1 Kg6 38. Rc4 Kf6 39. b4 cxb4 40. axb4 axb4 41. Bxb4
Nxb4 42. Rxb4 Kg6 43. Kf2 Kh5 44. Kg3 Re6 45. Rb5 gxh4+
46. Kh3 Kg5 47. Rb4 h5 48. Rb5 Kf5 49. Kxh4 Kg6 50. g3 Kh6
51. Rd5 Kg6 52. f4 Kf5 53. Kxh5 Ke4 54. Rb5 Re8 55. Rxb6 Kxe3
56. f5 e4 57. Rb3+ Kd4 58. f6 e3 59. f7 Rh8+ 60. Kg6 e2
61. Rb1 Kd3 62. Kg7 Rb8 63. Rh1 Ke3 64. f8=Q Rxf8 65. Kxf8 Kf3
66. Re1 1-0

[Event "Wijk aan Zee Top-tienkamp"]
[Site "Wijk aan Zee NED"]
[Date "2017.01.25"]
[EventDate "?"]
[Round "6"]
[Result "1-0"]
[White "Rameshbabu Praggnanandhaa"]
[Black "Arthur Pijpers"]
[WhiteElo "2437"]
[BlackElo "2460"]
[PlyCount "59"]

1. Nf3 d5 2. g3 Nf6 3. Bg2 c5 4. O-O g6 5. d4 cxd4 6. Nxd4 Bg7
7. Nc3 e6 8. Nb3 Nc6 9. e4 d4 10. Na4 Nd7 11. c3 dxc3 12. Nxc3
O-O 13. Qe2 Na5 14. Rd1 Nxb3 15. axb3 Qb6 16. Nb5 a6 17. Be3
Qd8 18. Nd6 Qe7 19. Rac1 Be5 20. Qd2 Nf6 21. Bc5 Qc7 22. Nb5
Qd7 23. Bxf8 Qxd2 24. Rxd2 Kxf8 25. Rd8+ Ke7 26. Rdxc8 Rxc8
27. Rxc8 axb5 28. f4 Bd4+ 29. Kf1 Nd7 30. e5 1-0

[Event "Wijk aan Zee Top-tienkamp"]
[Site "Wijk aan Zee NED"]
[Date "2017.01.27"]
[EventDate "?"]
[Round "7"]
[Result "0-1"]
[White "Georgios Ketzetzis"]
[Black "Rameshbabu Praggnanandhaa"]
[WhiteElo "2332"]
[BlackElo "2437"]
[PlyCount "50"]

1. e4 c5 2. Nf3 d6 3. d4 cxd4 4. Nxd4 Nf6 5. Nc3 a6 6. Bc4 e6
7. Bb3 Nbd7 8. Bg5 Nc5 9. Qf3 Be7 10. O-O-O Qc7 11. h4 h6
12. Bxf6 Bxf6 13. g4 Bd7 14. Qe3 Nxb3+ 15. axb3 Qc5 16. f4
O-O-O 17. Kb1 Kb8 18. Rd3 g5 19. hxg5 hxg5 20. Rxh8 Rxh8
21. f5 Rh1+ 22. Nd1 e5 23. Qf3 Rxd1+ 24. Rxd1 exd4 25. Rh1 Qe5
0-1

[Event "Wijk aan Zee Top-tienkamp"]
[Site "Wijk aan Zee NED"]
[Date "2017.01.28"]
[EventDate "?"]
[Round "8"]
[Result "1/2-1/2"]
[White "Lucas van Foreest"]
[Black "Rameshbabu Praggnanandhaa"]
[WhiteElo "2373"]
[BlackElo "2437"]
[PlyCount "82"]

1. e4 e5 2. Nf3 Nc6 3. Nc3 Nf6 4. h3 g6 5. Nxe5 Nxe5 6. d4 Nc6
7. d5 Bg7 8. dxc6 bxc6 9. Bc4 O-O 10. O-O d6 11. Bg5 h6
12. Bh4 Rb8 13. Bb3 Qe8 14. Re1 Nh5 15. Qf3 Qe5 16. Rad1 Bd7
17. Ne2 Rbe8 18. Nc1 Qf4 19. Qxf4 Nxf4 20. c3 c5 21. Bg3 Nh5
22. Bh2 Bc6 23. g4 Nf6 24. e5 Ne4 25. Bd5 Bxd5 26. Rxd5 c6
27. Rdd1 Ng5 28. Kg2 dxe5 29. Nd3 e4 30. Nxc5 f5 31. gxf5 gxf5
32. Bf4 Nf3 33. Re3 Rf7 34. Rxf3 exf3+ 35. Kxf3 Bf8 36. Nd7
Re6 37. Ne5 Rb7 38. Rd8 Kg7 39. b3 Be7 40. Rc8 c5 41. Nd3 Ra6
1/2-1/2